000 00640nam a2200193 i 4500
001 174554
003 ES-MaACL
005 20230906215551.0
008 100505s1994 sp |||| | spa d
080 _a821.134.2-14"19"(082.2)
245 0 0 _aHomenaje a Leopoldo de Luis.
260 _aCiempozuelos (Madrid) :
_bRevista Literaria El Pregonero,
_c1994.
300 _a100 p. ;
_c28 cm.
500 _aÍndice onomástico.
595 _aN. monográfico de la revista literaria El Pregonero, mayo 1994.
600 1 4 _aLuis, Leopoldo de-
_vHomenajes.
_9143266
650 4 _aPoesías españolas-
_yS.XX.
_916221
852 _aES-MaACL
_j2281-F-10
999 _c174554
_d174554